Hearts of Iron 4 Releasable Countries - Statistics

General Stats
  • This quiz has been taken 391 times
  • The average score is 16 of 27
Answer Stats
Releasable By: Answer % Correct
USSR/Poland Ukraine
93%
USSR/Poland Belarus
92%
Yugoslavia Croatia
84%
Portugal Angola
80%
UK Egypt
78%
Yugoslavia Serbia
78%
British Raj Pakistan
74%
Belgium Zaire
74%
Japan Korea
73%
USSR Armenia
69%
Denmark Iceland
69%
USSR Georgia
66%
Portugal Mozambique
66%
Italy Libya
65%
USSR Azerbaijan
63%
Yugoslavia Montenegro
61%
France Vietnam
51%
France Cambodia
44%
France Laos
44%
UK Kenya
40%
France Syria
38%
UK Zimbabwe
38%
UK Botswana
33%
UK Israel
33%
UK Jordan
30%
France Lebanon
29%
UK Palestine
23%
No matching quizzes found
Score Distribution
Percent of People with Each Score
Percentile by Number Answered
Your Score History
You have not taken this quiz